00719nam a22002657a 4500003000500000005001700005008004100022010001000063011001000073035001000083040000900093082002000102110000800122245007800130260002300208300002300231490003800254650001700292650003400309650001200343700001800355700001900373700002300392830003800415CHAP20220817043244.0971013s1959 r 00010 eng d a69719 a70691 a80237 cCHAP a633.2bF35 v.42 aFAO10aGramíneas en la agriculturac/por R.O. Whyte, T.R.G. Moir y J.P. Cooper aRoma :bFAO,c1959 a464 p. :bgráfs. aFAO. Estudios agropecuariosv; 4214aGramíneas.14aGramíneasxClasificación.14aPastos.0 aCooper, J. P.0 aMoir, T. R. G.0 aWhyte, Robert Orr.0 aFAO. Estudios agropecuariosv; 42